书目信息 |
| 题名: |
土木工程专业英语
|
|
| 作者: | 田文玉 主编 | |
| 分册: | ||
| 出版信息: | 重庆 重庆大学出版社 2005.08 |
|
| 页数: | 155页 | |
| 开本: | 26cm | |
| 丛书名: | ||
| 单 册: | ||
| 中图分类: | H31 | |
| 科图分类: | ||
| 主题词: | 土木工程--tu mu gong cheng--英语--高等学校--教材 | |
| 电子资源: | ||
| ISBN: | 7-5624-3460-3 | |
| 000 | 00824nam0 2200241 450 | |
| 001 | 1267583327 | |
| 005 | 20120407184636.85 | |
| 010 | @a7-5624-3460-3@dCNY17.50 | |
| 100 | @a20060610d2005 km y0chiy0120 ea | |
| 101 | 0 | @achi |
| 102 | @aCN@b510000 | |
| 105 | @aa a 000yy | |
| 200 | 1 | @a土木工程专业英语@Atu mu gong cheng zhuan ye ying yu@f田文玉主编@Ftian wen yu zhu bian |
| 210 | @a重庆@c重庆大学出版社@d2005.08 | |
| 215 | @a155页@c图@d26cm | |
| 300 | @a21世纪高等学校本科系列教材土木工程专业 | |
| 320 | @a有书目 (第155页) | |
| 330 | @a本书收集了土木工程材料、道路设计、道路施工、桥梁工程、房屋建筑工程、交通工程等有关英文资料。 | |
| 606 | 0 | @a土木工程@Atu mu gong cheng@x英语@x高等学校@j教材 |
| 690 | @aH31@v4 | |
| 701 | 0 | @a田文玉@Atian wen yu@4主编 |
| 801 | 0 | @aCN@bQSSK@c20060906 |
| 905 | @a10447@dH31@eT668 | |
| 土木工程专业英语/田文玉主编.-重庆:重庆大学出版社,2005.08 |
| 155页:图;26cm |
| 21世纪高等学校本科系列教材土木工程专业 |
| ISBN 7-5624-3460-3:CNY17.50 |
| 本书收集了土木工程材料、道路设计、道路施工、桥梁工程、房屋建筑工程、交通工程等有关英文资料。 |
| ● |
| 相关链接 |
|
|
|
正题名:土木工程专业英语
索取号:H31/T668
 
预约/预借
| 序号 | 登录号 | 条形码 | 馆藏地/架位号 | 状态 | 备注 |
| 1 | 485347 | 204853471 | 土木与交通工程学院资料室/ [索取号:H31/T668] | 在馆 |